Na minha lista:
| Formato: | Texto |
|---|---|
| Publicado em: |
México, D.F
|
| Assuntos: | |
| Tags: |
Adicionar Tag
Sem tags, seja o primeiro a adicionar uma tag!
|
MARC
| LEADER | 00000 a a2200000 04500 | ||
|---|---|---|---|
| 001 | 26570 | ||
| 003 | |||
| 040 | |||
| 090 | |a 149001 | ||
| 260 | |a México, D.F | ||
| 300 | |b il. | ||
| 650 | |a SISTEMA SOCIAL | ||
| 650 | |a DERECHO | ||
| 650 | |a ESTADO | ||
| 650 | |a PODER POLITICO | ||
| 650 | |a TEORIA POLITICA | ||
| 650 | |a INFLUENCIA SOCIAL | ||
| 999 | |c 16179 |d 16179 | ||
